| Tag |
First Indicator |
Second Indicator |
Subfields |
| LEADER |
00000cam a22000008a 4500 |
| 001 |
in00000444549 |
| 005 |
20151012065904.0 |
| 008 |
850603s1985 enkab b 00110 eng d |
| 010 |
|
|
|a gb 85025627
|
| 015 |
|
|
|a GB85-25627
|
| 020 |
|
|
|a 0862322545 (cased) :
|c 18.95 (July)
|
| 020 |
|
|
|a 0862322553 (pbk) :
|c 6.95
|
| 035 |
|
|
|a (OCoLC)12509029
|
| 035 |
|
|
|9 ABW4676AM
|
| 040 |
|
|
|a UKM
|c UKM
|d TXA
|d UtOrBLW
|
| 043 |
|
|
|a f-et---
|a e-it---
|
| 049 |
|
|
|a TXAM
|c [A09253152]
|
| 050 |
1 |
0 |
|a DT387.9
|
| 082 |
0 |
|
|a 963/.056
|2 19
|
| 090 |
|
|
|a DT387.9
|b .S32 1985
|
| 100 |
1 |
|
|a Sbacchi, Alberto.
|
| 245 |
1 |
0 |
|a Ethiopia under Mussolini :
|b fascism and the colonial experience /
|c Alberto Sbacchi.
|
| 264 |
|
1 |
|a London :
|b Zed,
|c 1985.
|
| 300 |
|
|
|a xxvi, 262 pages :
|b illustrations, maps
|
| 336 |
|
|
|a text
|b txt
|2 rdacontent
|
| 337 |
|
|
|a unmediated
|b n
|2 rdamedia
|
| 338 |
|
|
|a volume
|b nc
|2 rdacarrier
|
| 490 |
0 |
|
|a Third World books
|
| 500 |
|
|
|a Includes index.
|
| 504 |
|
|
|a Bibliography: pages 245-257.
|
| 651 |
|
0 |
|a Ethiopia
|x Colonization.
|
| 651 |
|
0 |
|a Ethiopia
|x History
|y 1889-1974.
|
| 653 |
|
|
|a Ethiopia
|a Colonisation by Italy, 1935-1941
|
| 886 |
2 |
|
|2 UK MARC
|a 016
|b 00
|a 100=NOTNAL
|
| 886 |
2 |
|
|2 UK MARC
|a 690
|b 00
|z 11030
|d Ethiopia
|z 21030
|a colonisation
|d 1935-1941
|v by
|w of
|z 31030
|d Italy
|
| 886 |
2 |
|
|2 UK MARC
|a 691
|b 00
|a 3266516
|
| 886 |
2 |
|
|2 UK MARC
|a 692
|b 00
|a 0041459
|
| 999 |
|
|
|a MARS
|
| 999 |
f |
f |
|s 9070098e-f75d-397f-9d75-5b188d16cb1a
|i 28ec6da0-e092-3a9b-a245-13baf8b0567d
|t 0
|
| 952 |
f |
f |
|p normal
|a Texas A&M University
|b College Station
|c Sterling C. Evans Library
|d Evans: Library Stacks
|t 0
|e DT387.9 .S32 1985
|h Library of Congress classification
|i unmediated -- volume
|m A14809253152
|
| 998 |
f |
f |
|a DT387.9 .S32 1985
|t 0
|l Evans: Library Stacks
|